كتاب أصول الدين / (Record no. 13887)
[ view plain ]
| 000 -الفاتح | |
|---|---|
| حقل البيانات ثابتة الطول | 00837nam a22001937a 4500 |
| 008 - عناصر البيانات ثابتة الطول - معلومات عامة | |
| حقل البيانات ثابتة الطول | 100414s1928 tu|||||r|||| 000 0 ara d |
| 082 ## - رقم تصنيف ديوى العشرى | |
| رقم الطبعة | 22 |
| رقم التصنيف | 240 |
| رقم المادة | ب غ د |
| 100 ## - المدخل الرئيسى - إسم شخصى | |
| 9 (RLIN) | 13527 |
| الإسم الشخصى | البغدادي، أبي منصور عبد القاهر بن طاهر التميمي |
| التواريخ المصاحبة للاسم | ...- 429 ه |
| 245 ## - بيان العنوان | |
| العنوان | كتاب أصول الدين / |
| بقية العنوان | تأليف أبي منصور عبد القاهر بن طاهر التميمي البغدادي |
| 260 ## - PUBLICATION, DISTRIBUTION, ETC. (IMPRINT) | |
| مكان الناشر او الموزع | استانبول: |
| اسم الناشر او الموزع | مدرسة الآلهيات، دار الفنون التركية ، 1928 |
| تاريخ النشر أو التوزيع | 1928 |
| 300 ## - الوصف المادى | |
| التعداد | 343 ص ؛ |
| أبعاد الوعاء | 23 سم |
| 650 ## - المدخل الاضافى بالموضوع-مصطلح موضوعى | |
| 9 (RLIN) | 13528 |
| مصطلح موضوعي أو اسم جغرافي كعنصر مدخل | الأئمة والأولياء |
| 650 ## - المدخل الاضافى بالموضوع-مصطلح موضوعى | |
| 9 (RLIN) | 13529 |
| مصطلح موضوعي أو اسم جغرافي كعنصر مدخل | الثواب والعقاب |
| 650 ## - المدخل الاضافى بالموضوع-مصطلح موضوعى | |
| 9 (RLIN) | 13530 |
| مصطلح موضوعي أو اسم جغرافي كعنصر مدخل | الملائكة |
| 650 ## - المدخل الاضافى بالموضوع-مصطلح موضوعى | |
| 9 (RLIN) | 13531 |
| مصطلح موضوعي أو اسم جغرافي كعنصر مدخل | الروح |
| 650 ## - المدخل الاضافى بالموضوع-مصطلح موضوعى | |
| 9 (RLIN) | 13532 |
| مصطلح موضوعي أو اسم جغرافي كعنصر مدخل | المعجزات |
| 650 ## - المدخل الاضافى بالموضوع-مصطلح موضوعى | |
| 9 (RLIN) | 13533 |
| مصطلح موضوعي أو اسم جغرافي كعنصر مدخل | الموت |
| 942 ## - عناصر المدخل الإضافي( كوها) | |
| مصدر التصنيف او مخطط الترفيف | Dewey Decimal Classification |
| Koha [default] item type | Book - Borrowing |
| حالة التراجع | حالة الفقد | مصدر التصنيف او خطة الترفيف | حالة تلف | ليس للاعارة | مجموعات كوها | المكان الدائم | المكان الحالي | موقع الترفيف | تاريخ الاكتساب | Source of acquisition | رقم الاستدعاء | الباركود | Date last seen | نوع الوعاء |
|---|---|---|---|---|---|---|---|---|---|---|---|---|---|---|
| Dewey Decimal Classification | Alef-Baa | Central Library | Central Library | Lower Floor | 14/04/2010 | 240 الب | 000020665 | 15/07/2025 | Book - Borrowing |